Introduction to stochastic programming
Na minha lista:
| Principais autores: | , |
|---|---|
| Formato: | Livro |
| Idioma: | inglês |
| Publicado em: |
Nueva York
Springer
1997
|
| coleção: | Springer Series in Operations Research
|
| Assuntos: | |
| Tags: |
Adicionar Tag
Sem tags, seja o primeiro a adicionar uma tag!
|
MARC
| LEADER | 00000nam a2200000 a 4500 | ||
|---|---|---|---|
| 001 | UCQ5012 | ||
| 003 | CL-VaPUC | ||
| 008 | 980921e19970000US |||||||||||||||||eng|d | ||
| 020 | |a 0387982175 | ||
| 082 | 0 | 4 | |a 519.7 |b BIR |2 21 |
| 100 | 0 | |a Birge, John R |e author |9 419154 | |
| 700 | 0 | |a Louveaux, François |e author |9 419155 | |
| 245 | 1 | 0 | |a Introduction to stochastic programming |
| 300 | |a 421 p | ||
| 942 | |c BK | ||
| 945 | |d 19980921 00:00:00 |a mvenant | ||
| 260 | |a Nueva York |b Springer |c 1997 | ||
| 650 | 0 | |a Procesos estocásticos |9 260364 | |
| 650 | 0 | |a Matemática |9 260235 | |
| 650 | 0 | |a Estadísticas |9 258644 | |
| 650 | 0 | |a Programación no lineal |9 259385 | |
| 650 | 0 | |a Probabilidades |9 260199 | |
| 583 | |a last modification |c 19980921 00:00:00 |k Rodrigo Vera | ||
| 490 | 0 | |a Springer Series in Operations Research | |
| 999 | |c 275276 |d 275274 | ||
| 952 | |0 0 |1 0 |4 0 |6 519_700000000000000_BIR_1997 |7 0 |8 A |9 311917 |a BIBING |b BIBING |d 2019-11-20 |i 3463400 |l 4 |o 519.7 BIR 1997 |p 3463400 |r 2025-01-20 |s 2020-05-20 |w 2019-11-20 |y BK |k EII | ||
| 952 | |0 0 |1 0 |4 0 |6 519_700000000000000_BIR_1997 |7 0 |8 A |9 311918 |a BIBING |b BIBING |d 2019-11-20 |i 398477K |l 1 |o 519.7 BIR 1997 |p 398477K |r 2025-01-20 |s 2022-11-28 |w 2019-11-20 |y BK |k EII | ||
| 952 | |0 0 |1 0 |4 0 |6 519_700000000000000_BIR_1997 |7 0 |8 A |9 311919 |a BIBING |b BIBING |d 2019-11-20 |i 4417879 |l 1 |o 519.7 BIR 1997 |p 4417879 |r 2025-01-20 |s 2024-11-07 |w 2019-11-20 |y BK |k EII | ||